Jughrāfīyat al-waṭan al-ʻArabī, (Record no. 51148)

MARC details
000 -LEADER
fixed length control field 00800cam a22002171 4500
001 - CONTROL NUMBER
control field ne 68004775
003 - CONTROL NUMBER IDENTIFIER
control field DLC
005 - DATE AND TIME OF LATEST TRANSACTION
control field 20260227111851.0
008 - FIXED-LENGTH DATA ELEMENTS--GENERAL INFORMATION
fixed length control field 890118q19009999ua b 000 0 ara
010 ## - LIBRARY OF CONGRESS CONTROL NUMBER
LC control number ne 68004775
035 ## - SYSTEM CONTROL NUMBER
System control number (OCoLC)19031405
040 ## - CATALOGING SOURCE
Original cataloging agency DLC
Transcribing agency TxU
Modifying agency TxU
-- DLC
042 ## - AUTHENTICATION CODE
Authentication code premarc
050 00 - LIBRARY OF CONGRESS CALL NUMBER
Classification number DS44
Item number .S32
100 1# - MAIN ENTRY--PERSONAL NAME
Personal name Ṣayyād, Muḥammad Maḥmūd.
245 10 - TITLE STATEMENT
Title Jughrāfīyat al-waṭan al-ʻArabī,
Remainder of title dirāsah fī al-waḍʻ al-ṭabīʻī wa-al-bināʼ al-iqtiṣādī wa al-takwīn al-basharī.
Statement of responsibility, etc. Taʼlīf Muḥammad Maḥmūd al-Ṣayyād.
260 ## - PUBLICATION, DISTRIBUTION, ETC.
Place of publication, distribution, etc. [al-Qāhirah]
Name of publisher, distributor, etc. Jāmiʻat al-Duwal al-ʻArabiyah, Maʻhad al-Buḥūth wa-al-Dirāsāt al-ʻArabīyah
Date of publication, distribution, etc. [19--
300 ## - PHYSICAL DESCRIPTION
Extent v.
Other physical details maps
Dimensions 24 cm.
505 1# - FORMATTED CONTENTS NOTE
Formatted contents note --Juzʼ2. al-Zirāʻah--
651 #0 - SUBJECT ADDED ENTRY--GEOGRAPHIC NAME
Geographic name Arab countries.

No items available.

Powered by Koha